Estadísticas para Top 10 paises mas grande del mundo

Haz click aquí para tomar la prueba!

Estadísticas generales

  • Esta prueba ha sido tomada 636 veces
  • La puntuación promedio es 9 de 10

Estadísticas de respuestas

Km2Country% Correcto
17.075.400 km2Rusia
99%
9.984.670 km2Canada
98%
9.371.174 km2Estados Unidos
98%
8.514.877 km2Brasil
96%
9.596.960 km2China
96%
7.692.024 km2Australia
90%
3.287.595 km2India
88%
2.780.400 km2Argentina
86%
2.381.741 km2Argelia
56%
2.717.300 km2Kazajistan
54%

Distribución de puntuación

Porcentaje por número respondido

Porcentaje de gente con cada puntuación

Historial de tus puntuaciones

No has tomado esta prueba